| 000 | 00446nam a2200157Ia 4500 | ||
|---|---|---|---|
| 008 | 160316s1990 xxu||||| |||| 00| 0 eng d | ||
| 082 |
_a347.072000 _bPLA |
||
| 100 | _aPlatto Charles | ||
| 245 | _aPre-trial and pre-hearing procedure worldwide | ||
| 250 | _a | ||
| 260 |
_aLondon _bGraham & Trotman _c1990 |
||
| 300 |
_a429p _b _cix |
||
| 365 | _bRs.8,670.02 | ||
| 650 | _a1. Pre-Trial Procedure - Worldwide - A Comparative Study | ||
| 700 |
_a _a |
||
| 999 |
_c15205 _d15205 |
||